21st Century Boston Sports Championships - Statistics

General Stats
  • This quiz has been taken 40 times
  • The average score is 5 of 12
Answers on the Grid
Answers color-coded by a green-red scale on the quiz's grid according to % correct below.
2000
2001
2002
2003
2004
2005
2006
2007
2008
2009
2010
2011
2012
2013
2014
2015
2016
2017
2018
2019
2020
2021
2022
2023
2024
2025
 
Answer Stats
Answer % Correct
2004
56%
2018
56%
2024
56%
2013
44%
2002
38%
2007
38%
2017
38%
2019
38%
2008
31%
2011
31%
2005
25%
2015
19%
No matching quizzes found
Score Distribution
Percent of People with Each Score
Percentile by Number Answered
Your Score History
You have not taken this quiz